000 00473nmm a2200169Ia 4500
008 251105s9999||||xx |||||||||||||||||und||
020 _a9562820483
041 _aspa
100 _aVaras, José Miquel
245 0 _aCuentos de ciudad
264 _a[Santiago de Chile, Chile] :
_bLOM Ediciones,
_c1997
300 _a156 páginas
490 _aEntre Mares
650 _aLatin American narrative
856 _uhttps://public.digitaliapublishing.com/a/13009
942 _cCF
999 _c74294
_d74294